Informe de actividades agosto 1983-julio 1985

Salvato in:
Dettagli Bibliografici
Ente Autore: FLACSO
Natura: testo
Pubblicazione: San José: FLACSO
Tags: Aggiungi Tag
Nessun Tag, puoi essere il primo ad aggiungerne!!

MARC

LEADER 00000 a a2200000 04500
001 21079
003
040
090 |a 091200  
110 |a FLACSO  
245 |a Informe de actividades agosto 1983-julio 1985  
260 |a San José:   |b FLACSO  
300 |a 16 p.  
999 |c 14425  |d 14425